[Event "World Junior U20 Open 2018"]
[Site "Gebze"]
[Date "2018.09.12"]
[Round "7.10"]
[White "Christiansen, Johan-Sebastian"]
[Black "Narayanan.S.L"]
[Result "1-0"]
[WhiteElo "2525"]
[BlackElo "2573"]
[Annotator "TA"]
[PlyCount "121"]
[EventDate "2018.09.05"]
[EventType "swiss"]
[EventCountry "TUR"]
[SourceTitle "playchess.com"]
[Source "ChessBase"]
[SourceQuality "1"]

{[%evp 23,121,-57,-57,-59,-59,-51,-50,-204,-204,-181,-168,-220,-210,-280,-271,-330,-341,-334,-305,-283,-254,-260,-244,-310,-296,-239,-103,-112,-91,-110,-89,-107,-97,-187,-186,-209,-210,-193,-72,-72,-72,-216,-216,-212,-211,-344,-336,-507,-487,-506,-524,-529,-511,-482,-392,-317,-248,-219,-219,-219,-212,-212,-84,-460,-419,-199,0,-2,-62,-339,0,0,0,-23,-23,-25,0,0,0,0,0,0,0,0,0,0,0,0,0,0,0,0,0,0,29979,29980,29980,29980,29980,29981]} 1. e4 e5 2. Nf3 Nc6 3. d4 exd4 4. Nxd4 Nf6 5. Nxc6 bxc6 6. e5 Qe7 7. Qe2 Nd5 8. c4 Nb6 9. Nc3 a5 10. Bd2 {C45: Schottische Partie} Ba6 11. Qe4 g6 12. Bd3 Bg7 {LiveBook: 6 Partien} 13. O-O O-O $1 14. Rae1 Rfe8 {[%cal Re7e5] [#]} 15. Bf4 $146 (15. b3 $15) ({Vorgänger:} 15. Qg4 d5 16. b3 dxc4 17. Bxc4 Nxc4 18. bxc4 {0-1 (52) Parligras,M (2539)-Delchev,A (2624) Nova Gorica 2004}) 15... Qb4 $19 16. Qe2 Bxc4 17. Bxc4 (17. Bg3 $142) 17... Nxc4 (17... Qxc4 18. Qd2 $17) 18. a3 Qb3 19. Bg3 Bxe5 (19... Nxb2 20. Ne4 $19) 20. Bxe5 Rxe5 ({Schwächer ist} 20... Nxe5 21. Ne4 $19) 21. Qg4 d5 22. Qd7 Qb7 ({Viel schwächer ist} 22... Qxb2 23. Qxc6 Rae8 24. Qxe8+ Rxe8 25. Rxe8+ Kg7 26. Nxd5 $17) 23. Na4 Rxe1 24. Rxe1 Nb6 (24... Rf8 $19 {und Schwarz behält klar die Oberhand.} 25. Qe7 Nd6) 25. Nxb6 $17 Qxb6 {[%mdl 4096] Endspiel KDT-KDT} 26. h4 Qxb2 27. Qxc6 Rf8 28. a4 (28. Qxc7 $17 {ist eine bessere Verteidigung.} Qxa3 29. h5) 28... Qb4 $19 29. Rd1 Qxh4 30. Rxd5 Rd8 (30... Rb8 $19 31. Rd1 Rd8) 31. g3 $17 Qe7 {Und weiter mit ...De1+ wäre nett.} 32. Kh2 (32. Rxd8+ $17 Qxd8 33. Kg2) 32... Rxd5 $19 33. Qxd5 {KD-KD} Qf6 $1 {[%cal Rf6f2]} 34. Kg2 (34. Qxa5 {war angesagt.} Qxf2+ 35. Kh3) 34... Qc3 35. Kh2 (35. g4 $142) 35... c5 36. Kg2 Kg7 37. Qd8 h5 38. Qc7 c4 39. Qc5 Qd3 40. Qxa5 c3 41. Qe5+ Kh7 42. Qc7 Qe4+ (42... Qd5+ $1 $19 43. Kh2 Qf3) 43. Kg1 $17 c2 $1 {Droht ...De1+ und aus.} 44. Qxf7+ Kh6 45. Qf8+ Kg5 46. Qc5+ {[#]} Kg4 $2 (46... Kf6 $1 $19 47. Qc3+ Ke6) 47. a5 $1 $11 Kf3 ({Keinesfalls} 47... Qe1+ 48. Kg2 $17) 48. Qa3+ Ke2 49. a6 $1 Qd3 50. Qe7+ Kd2 (50... Kd1 $5 51. a7 $8 Qd5 $11) 51. Qg5+ Kc3 {zielt auf ...Dd1+ ab.} (51... Kd1 $5 52. a7 $8 c1=Q 53. Qxc1+ Kxc1 $11) 52. a7 Qd1+ 53. Kg2 {Weiss droht Dc5+ und Matt.} c1=Q {( -> ...Dh1#)} 54. Qxc1+ (54. Qe5+ {is more complex.} Kd3 55. Qd5+ Kc3 56. Qc5+ Kb2 57. Qb4+) 54... Qxc1 55. a8=Q {Dc6+ ist eine echte Drohung. KD-KD} Qg5 56. Qa3+ Kc4 57. Qa4+ Kc3 58. Qe4 Qf5 $2 {[%mdl 8192] [#]} (58... Qg4 $11 59. Qe3+ Kc4) 59. Qxf5 $1 {Weiß setzt Matt.} gxf5 60. Kh3 f4 61. g4 {Precision: Weiß = 60%, Schwarz = 61%.} 1-0

[Event "World Junior U20 Open 2018"]
[Site "Gebze"]
[Date "2018.09.11"]
[Round "7.11"]
[White "Jarmula, Lukasz"]
[Black "Bai, Jinshi"]
[Result "0-1"]
[WhiteElo "2504"]
[BlackElo "2556"]
[Annotator "TA"]
[PlyCount "56"]
[EventDate "2018.09.05"]
[EventType "swiss"]
[EventCountry "TUR"]
[SourceTitle "playchess.com"]
[Source "ChessBase"]
[SourceQuality "1"]

{[%evp 19,56,14,21,5,9,-81,-87,-154,-139,-172,-165,-256,-254,-220,-160,-285,-272,-300,-295,-291,-289,-289,-275,-234,-241,-404,-400,-400,-407,-407,-407,-453,-422,-555,-435,-539,-443,-548,-547]} 1. d4 d5 2. c4 c6 3. cxd5 cxd5 4. Bf4 Nc6 5. e3 Nf6 6. Nc3 Bf5 7. Nf3 e6 8. Qb3 Bb4 9. Ne5 {D14: Slav Defence: Exchange variation with ...Bf5} Bxc3+ 10. bxc3 O-O {LiveBook: 3 Games} 11. Be2 $146 {The position is equal.} ({Predecessor:} 11. Nxc6 bxc6 12. Be2 Qb6 13. f3 c5 14. O-O Rfc8 15. g4 Bg6 16. Rfc1 h6 {0-1 (41) Richter,M (2517)-Ragger,M (2698) Berlin 2015}) 11... Rc8 12. f3 (12. Nxc6 $11 {keeps the balance.} Rxc6 13. Qxb7) 12... Nh5 $17 13. Nxc6 ({White should try} 13. O-O) 13... Rxc6 14. Qxb7 Rxc3 15. Kf2 (15. O-O $142) 15... Nxf4 $19 16. exf4 Qa5 17. Rhd1 (17. Rhc1 $17 {was necessary.}) 17... Bc2 18. Rdc1 Qa4 19. Kg1 Qxd4+ 20. Kh1 Qxf4 21. Qxa7 d4 {[%cal Bd5d4,Bd4c3,Bc3c2][%mdl 32]} 22. Bd1 $2 {[#]} (22. a4) 22... Bf5 23. Rxc3 dxc3 24. Bb3 c2 25. Qg1 Rd8 {Black is clearly winning.} 26. Rc1 h5 27. a4 Qd2 28. a5 Ra8 {Precision: White = 24%, Black = 93%.} 0-1

[Event "World Junior U20 Open 2018"]
[Site "Gebze"]
[Date "2018.09.11"]
[Round "7.12"]
[White "Batsuren, Dambasuren"]
[Black "Aravindh, Chithambaram VR"]
[Result "1/2-1/2"]
[WhiteElo "2446"]
[BlackElo "2578"]
[Annotator "TA"]
[PlyCount "152"]
[EventDate "2018.09.05"]
[EventType "swiss"]
[EventCountry "TUR"]
[SourceTitle "playchess.com"]
[Source "ChessBase"]
[SourceQuality "1"]

{[%evp 19,152,20,26,12,35,33,55,65,76,29,35,26,57,49,68,38,85,98,93,79,166,139,107,85,95,69,89,47,51,47,79,86,70,77,152,90,137,99,99,35,63,44,42,0,3,3,34,0,0,0,82,85,52,42,45,38,54,30,25,0,0,0,0,0,0,0,0,-22,0,-55,-7,-41,0,0,0,-25,-16,-28,-20,-20,0,-12,-12,-25,-30,-86,-81,-195,-178,-217,-101,-106,-112,-106,0,0,0,0,458,422,369,0,0,0,0,0,0,0,0,0,0,0,0,0,0,0,0,0,0,0,0,0,0,0,0,0,0,0,0,0,0,0,0,0,0]} 1. d4 Nf6 2. c4 g6 3. Nc3 Bg7 4. Nf3 O-O 5. g3 a6 6. Bg2 Nc6 7. O-O d6 8. Bf4 Rb8 {E63: King's Indian: Fianchetto: Panno Variation with 7...a6} 9. Rc1 b5 (9... h6 10. d5 e5 11. Bd2 Ne7 12. e4 Nd7 13. Ne1 f5 14. Nd3 Nf6 15. f4 Nxe4 16. Nxe4 fxe4 17. Bxe4 exf4 18. Nxf4 {½-½ (56) Tregubov,P (2575)-Amin,B (2689) Riadh 2017}) 10. cxb5 axb5 {LiveBook: 6 Games} 11. Ne5 {[%cal Bf3e5,Be5d3,Bd3b4][%mdl 32]} Na7 $146 ({Predecessor:} 11... Nxe5 12. dxe5 Ng4 13. exd6 cxd6 14. Qd2 Nf6 15. Rfd1 Bg4 16. Bg5 {½-½ (37) Tinjaca Ramirez,L (2323)-Saenko,A (2367) ICCF email 2011}) 12. Nd3 c6 13. Nb4 Bb7 14. e4 Nd7 $1 15. Be3 Qa5 16. a3 Rbd8 17. Qe2 $36 {[%mdl 2048] White has good play.} e5 18. d5 c5 19. Nc2 Rc8 (19... Qc7 $16 {was called for.}) 20. b4 $1 $18 {[%cal Rb4a5]} Qd8 21. bxc5 (21. Nxb5 $6 Ba6 $14) 21... Nxc5 {...Nb3 would now be nice for Black.} 22. Rb1 f5 23. f3 (23. Nxb5 Nxb5 24. Rxb5 (24. Bxc5 $2 Nc3 $19) 24... Ba6 $17) 23... Qa5 24. Bd2 (24. Nxb5 $2 Ba6 $19) 24... Na4 25. Nxa4 ({Inferior is} 25. Nxb5 Qa6 $17) 25... Qxa4 26. Nb4 Rc5 (26... Rc4 $142) 27. Qd3 ({Better is} 27. f4) 27... Nc8 28. Bh3 Ne7 29. Bg5 (29. Rfc1 $16) 29... Bf6 30. Bxf6 Rxf6 31. Rfc1 {Hoping for Rxc5.} Qa7 32. Kh1 Kg7 (32... Bc8 $5 {[%cal Rf5e4]} 33. Bg2 Kg7 $11) 33. Qe3 Bc8 34. Bg2 f4 (34... fxe4 $11 35. fxe4 Rxc1+ 36. Qxc1 Bd7) 35. gxf4 $1 $16 exf4 36. Qg1 Rxc1 $1 37. Qxc1 g5 $1 38. Nc6 Nxc6 39. Qxc6 Bd7 40. Qc3 Kg6 41. Rc1 Rf8 42. Qb4 Rf6 43. Qc3 h5 44. Rg1 (44. h4 $11) 44... Qb6 (44... Qc5 $5 {[%cal Rc5c3]} 45. Rc1 g4 $11) 45. Re1 (45. Bf1 $5 {[%cal Re4e5]}) 45... g4 46. e5 dxe5 47. Qxe5 Qd6 {aiming for ...Qxe5.} 48. Qe4+ Kh6 49. Qd4 Rf8 50. Re5 Qg6 51. Qb4 Rf7 52. Re1 (52. Qd4 $11 {keeps the balance.}) 52... Qf6 $17 53. Qc5 (53. Re4 $17) 53... g3 $1 $19 54. h3 Kg5 (54... Qb2 $19 {Strongly threatening ...Bxh3!} 55. Qd6+ Kg5 56. Qe5+ Qxe5 57. Rxe5+ Rf5 58. Rxf5+ Kxf5) 55. d6+ $17 Kh4 $1 {White must now prevent ...Qb2.} 56. Re5 {[%csl Gc5][%cal Re5h5]} Qg6 ({Black should play} 56... Qh8 $1 $17 {...Rf8 is the strong threat.} 57. Bf1 Rf8) 57. Bf1 $11 Rg7 58. Kg1 {Threatens to win with Qd4.} g2 $2 {[%mdl 8192] [#]} (58... Rg8 $1 $11) 59. Bd3 $1 $18 {[%cal Rd3g6][%mdl 512]} Qf7 ({Stronger than} 59... Qxd3 60. Rxh5+ Kg3 61. Qf2#) 60. Bxb5 $2 (60. Qd4 $18 Kxh3 {[#]} 61. Bf5+ $1 {[%mdl 512]} (61. Re7 Qb3 $16) 61... Bxf5 62. Qxf4) 60... Bxb5 $11 {The position is equal.} 61. Qxb5 $18 {[%mdl 4096] Endgame KQR-KQR} Qf6 62. Qc5 Qg6 63. Qb5 Qf6 64. Qd5 Qg6 65. Rf5 {White wants to mate with Qe5.} Kxh3 66. Rxh5+ Kg3 67. Qb5 Qf6 {[%cal Rf6d4]} (67... Qxd6 $5 68. Rg5+ $8 Rxg5 69. Qxg5+ Kxf3 70. Qxg2+ Ke3 $11) 68. Re5 $1 Qh4 {[%csl Gg3][%cal Rh4h2]} 69. Rh5 Qf6 {[%cal Rf6d4]} 70. Re5 $1 {And now Qb2 would win.} Qh6 {[%csl Gg3][%cal Rh6h2]} (70... Qxd6 $5 71. Rg5+ $8 Rxg5 72. Qxg5+ Kxf3 73. Qxg2+ Ke3 $11) 71. Rh5 Qxd6 {[%cal Rd6d4]} (71... Qf6 $5 72. Re5 $8 $11) 72. Rg5+ Rxg5 73. Qxg5+ Kxf3 {( -> ...Qd1+)} 74. Qxg2+ Ke3 75. Qf2+ Ke4 76. Qe2+ Kd5 {Precision: White = 61%, Black = 57%.} 1/2-1/2

[Event "World Junior U20 Open 2018"]
[Site "Gebze"]
[Date "2018.09.11"]
[Round "7.13"]
[White "Muradli, Mahammad"]
[Black "Pichot, Alan"]
[Result "1/2-1/2"]
[WhiteElo "2407"]
[BlackElo "2562"]
[Annotator "TA"]
[PlyCount "71"]
[EventDate "2018.09.05"]
[EventType "swiss"]
[EventCountry "TUR"]
[SourceTitle "playchess.com"]
[Source "ChessBase"]
[SourceQuality "1"]

{[%evp 10,71,20,22,20,31,29,30,28,17,32,27,22,19,33,32,35,29,54,33,47,14,7,6,16,0,10,-1,0,-8,-8,-12,-6,-7,0,0,-11,-39,-31,-36,-28,-39,-31,-31,-29,-26,-19,-38,-6,-25,-5,-14,23,12,20,8,11,8,8,8,8,8,8,9]} 1. d4 Nf6 2. c4 e6 3. Nf3 Bb4+ 4. Bd2 a5 5. a3 Bxd2+ 6. Qxd2 b6 {E11: Bogo-Indian} 7. Nc3 Bb7 8. Qf4 (8. g3 O-O 9. Bg2 Ne4 10. Nxe4 Bxe4 11. O-O a4 12. Qe3 Bb7 13. Qd3 f5 14. Ne5 Bxg2 15. Kxg2 {0-1 (38) So,W (2822)-Carlsen,M (2838) chess.com INT 2017}) 8... O-O {White has an edge.} 9. e4 d6 10. Bd3 $146 ({Predecessor:} 10. Be2 Nfd7 11. O-O Na6 12. Rad1 Qf6 13. Qe3 Rfd8 14. Ne1 {½-½ (35) Stagl,M (2137)-Radnetter,G (2259) Austria 2014}) 10... e5 11. Qd2 Re8 12. d5 Nbd7 13. b3 Nh5 14. Bc2 Qf6 15. Qg5 Qxg5 16. Nxg5 Ba6 17. Kd2 Reb8 18. Bd1 Nhf6 {[%cal Bh5f6,Bf6e8,Be8c7][%mdl 32]} 19. f3 b5 20. cxb5 Bxb5 21. Bc2 Ba6 {[%cal Bb5a6,Ba6b7,Bb7c6][%mdl 32]} 22. Rhb1 Bb7 23. Nb5 Ne8 24. Bd3 c6 25. dxc6 Bxc6 26. Nc3 {With the idea Bc4.} h6 27. Nh3 {[%cal Bg5h3,Bh3f2,Bf2d1,Bd1c3][%mdl 32]} Nc7 28. Nf2 Ra7 29. Ra2 Nc5 30. b4 Na4 31. Nfd1 {[#] aiming for b5.} Nxc3 {The position is equal.} 32. Nxc3 {Hoping for b5.} axb4 33. axb4 Rab7 34. Rab2 Nb5 35. Bxb5 Bxb5 36. Nxb5 {Precision: White = 58%, Black = 60%.} 1/2-1/2

[Event "World Junior U20 Open 2018"]
[Site "Gebze"]
[Date "2018.09.11"]
[Round "7.14"]
[White "Ozen, Bahadir"]
[Black "Lomasov, Semyon"]
[Result "1/2-1/2"]
[WhiteElo "2326"]
[BlackElo "2545"]
[Annotator "TA"]
[PlyCount "62"]
[EventDate "2018.09.05"]
[EventType "swiss"]
[EventCountry "TUR"]
[SourceTitle "playchess.com"]
[Source "ChessBase"]
[SourceQuality "1"]

{[%evp 21,62,7,21,0,39,45,46,37,32,32,38,37,31,0,1,-21,-16,-18,-14,-16,0,-10,-13,-8,0,0,19,0,15,18,5,0,0,0,0,0,0,0,0,0,0,0,0]} 1. Nf3 Nf6 2. c4 c5 3. g3 d5 4. cxd5 Nxd5 5. Bg2 Nc6 6. d4 cxd4 7. Nxd4 Ndb4 8. Nxc6 Qxd1+ 9. Kxd1 Nxc6 10. Nc3 {A30: Englische Eröffnung (Symmetrische Variante)} Bd7 11. Be3 O-O-O {[#] LiveBook: 6 Partien. zielt auf ...Lh3+ ab.} 12. Kc2 {[%cal Bd1c2,Bc2b3,Bb3a3][%mdl 32]} g6 $146 ({Vorgänger:} 12... e5 13. Rad1 Nd4+ 14. Kb1 Bc5 15. Ne4 Be7 16. f4 f6 17. Bxd4 exd4 18. Rxd4 {½-½ (42) Kengis,E (2575)-Hegeler,F (2245) Gausdal 1991}) 13. Rhd1 Bf5+ 14. Kb3 Be6+ 15. Ka3 Bg7 16. Nb5 Kb8 17. Bf4+ Be5 {Die Stellung ist ausgeglichen.} 18. Nd4 Bxf4 19. Nxc6+ bxc6 20. gxf4 c5 21. Rdc1 c4 22. Rd1 Kc7 23. Kb4 Kb6 24. Bf3 a5+ 25. Kc3 Kc5 26. e3 Rd6 27. Rd4 (27. Rxd6 {feels hotter.} exd6 28. Rd1 a4 29. h4 Rb8 30. h5) 27... Rxd4 28. exd4+ Kd6 29. Re1 f6 30. d5 Bf7 31. Rd1 ({Bitte nicht} 31. Kxc4 Rb8 $17) 31... Rb8 {Precision: Weiß = 54%, Schwarz = 58%.} 1/2-1/2

[Event "World Junior U20 Open 2018"]
[Site "Gebze"]
[Date "2018.09.11"]
[Round "7.15"]
[White "Harsha Bharathakoti"]
[Black "Janik, Igor"]
[Result "1/2-1/2"]
[WhiteElo "2474"]
[BlackElo "2447"]
[Annotator "TA"]
[PlyCount "138"]
[EventDate "2018.09.05"]
[EventType "swiss"]
[EventCountry "TUR"]
[SourceTitle "playchess.com"]
[Source "ChessBase"]
[SourceQuality "1"]

{[%evp 15,138,18,19,15,34,15,25,6,18,8,18,16,19,14,23,28,34,15,27,27,62,58,47,46,53,49,91,89,95,79,79,95,146,131,145,144,133,130,161,160,133,137,167,214,266,212,208,219,197,109,120,143,115,121,127,104,218,95,102,0,0,0,0,0,-1,0,-2,-18,-25,-36,-239,-212,0,-23,-16,-24,-24,-25,-14,-25,-25,-24,-32,-37,-25,-25,-25,-26,-37,-37,-26,-25,-25,-26,0,-50,0,-58,0,0,0,0,0,0,0,-77,-83,-78,0,0,0,0,0,0,0,0,0,0,0,0,0,0,0,0,0]} 1. d4 d5 2. c4 c6 3. Nc3 Nf6 4. e3 a6 5. Nf3 b5 6. b3 Bg4 7. Be2 e6 8. O-O Bd6 9. h3 {D15: Slav Defence: 4 Nc3 a6 and gambit lines after 4 Nc3 dxc4} Bh5 10. Bb2 O-O 11. Ne5 {White has an edge.} (11. Rc1 Nbd7 12. Ne5 Bxe2 13. Nxe2 Rc8 14. Nd3 Bb8 15. Nef4 dxc4 16. bxc4 Nb6 17. cxb5 cxb5 18. Ba3 Re8 19. Bc5 Na4 20. Nh5 Nxh5 21. Qxh5 e5 {1-0 (60) Jumabayev,R (2525)-Morozevich,A (2770) Astana 2012}) 11... Bxe2 12. Nxe2 Qc7 13. Rc1 Qb7 $146 ({Predecessor:} 13... Qe7 14. Ng3 Nfd7 15. cxd5 cxd5 16. Qf3 Nf6 17. Rfe1 Nbd7 18. Rc6 Rac8 19. Rec1 Rxc6 20. Rxc6 Bxe5 21. dxe5 Ne8 22. Rxa6 {1-0 (22) Kahl,K (2194)-Noack,T (1964) Remote email 2014}) 14. Qc2 bxc4 15. bxc4 Nbd7 16. Nf4 Ne4 17. Rb1 $36 {[%mdl 2048] White is pushing.} Nxe5 18. dxe5 Be7 19. Bd4 Qd7 20. c5 f6 21. Nd3 Bd8 22. Rb2 Ra7 23. Rfb1 f5 (23... Bc7 $142) 24. f3 $16 Ng3 25. Kh2 Bh4 26. Rb8 g5 27. Rxf8+ Kxf8 28. Rb6 Kg7 29. Nb4 f4 30. Nxc6 Rc7 31. Nb8 Qc8 32. exf4 (32. Nxa6 $18 Rd7 33. c6 fxe3 34. c7 (34. cxd7 Qxc2 35. d8=Q Nf1+ 36. Kg1 Qf2+ 37. Kh1 Ng3+ 38. Kh2 Nf1+ 39. Kh1 Ng3+ 40. Kh2 Nf1+ 41. Kh1 $11)) 32... Nf5 33. Bg1 $1 Bg3+ 34. Kh1 Bxf4 35. Bf2 (35. Nxa6 $6 Ng3+ 36. Kh2 Nf1+ 37. Kh1 Ng3+ 38. Kh2 Nf1+ 39. Kh1 Ng3+ $11) 35... a5 (35... d4 $16 36. c6 (36. Nxa6 Rb7 $11) 36... Be3) 36. Na6 (36. c6 $1 $18 {is the precise move to win.}) 36... Rc6 37. Qb2 ({White should try} 37. Qb1 $16) 37... d4 $1 $11 {Threatens to win with ...Rxb6.} 38. Qb1 Rxb6 39. cxb6 {b7 is the strong threat.} ({Much weaker is} 39. Qxb6 d3 $17) 39... Qxa6 40. b7 Bxe5 {aiming for ...Bb8.} 41. b8=Q Bxb8 42. Qxb8 Qf1+ $2 (42... d3 $15 43. Qd8 Qd6 44. Qxg5+ Kf7) 43. Bg1 $19 {[#]} Qe1 $2 (43... d3 $1 $19 44. Qe5+ Kf7 45. Qc7+ Kg6) 44. g4 Ne7 45. Qd8 Kf7 {Strongly threatening ...Qg3.} 46. Qxd4 Qf1 47. Kh2 Qxf3 48. Qa7 Qf4+ 49. Kg2 Qe4+ 50. Kg3 Qe5+ 51. Kf3 Qd5+ 52. Kg3 Qd3+ 53. Kg2 Qd2+ 54. Kg3 Qd3+ ({Don't do} 54... Qxa2 55. Bc5 $17) 55. Kg2 Qd5+ 56. Kg3 Kf6 (56... Qd6+ $15 57. Kg2 Qd5+ 58. Kg3) 57. Bd4+ $11 e5 58. Be3 h6 59. Qb6+ Nc6 60. h4 {[#]} (60. Qc5 $11 Qxc5 61. Bxc5) 60... gxh4+ $1 $17 61. Kxh4 Kg6 (61... Qg2 $17 {[%cal Rg2h2]} 62. Bg1 a4) 62. Kg3 $11 {The position is equal.} h5 63. Qb1+ e4 64. gxh5+ Kxh5 65. Qh1+ Kg6 66. Qh6+ Kf7 67. a4 Ke8 68. Qg6+ Kd7 69. Qg7+ Kc8 {Precision: White = 65%, Black = 49%.} 1/2-1/2

[Event "World Junior U20 Open 2018"]
[Site "Gebze"]
[Date "2018.09.11"]
[Round "7.16"]
[White "Philippe, Guillaume"]
[Black "Barseghyan, Harutyun"]
[Result "1/2-1/2"]
[WhiteElo "2358"]
[BlackElo "2466"]
[Annotator "TA"]
[PlyCount "97"]
[EventDate "2018.09.05"]
[EventType "swiss"]
[EventCountry "TUR"]
[SourceTitle "playchess.com"]
[Source "ChessBase"]
[SourceQuality "1"]

{[%evp 23,97,22,37,26,24,29,18,27,16,20,21,-10,8,0,3,-26,22,26,23,19,48,68,55,64,64,0,6,8,34,26,20,12,15,16,14,15,11,11,16,19,14,0,3,3,26,0,0,-2,0,0,0,10,0,0,0,0,0,0,0,0,0,0,0,0,0,0,0,0,0,0,0,0,0,0,0,0]} 1. e4 c5 2. Nf3 e6 3. d4 cxd4 4. Nxd4 a6 5. Nc3 b5 6. Bd3 Qb6 7. Nb3 Qc7 8. O-O Bb7 9. Qe2 d6 {B43: Sicilian: Kan Variation: 5 Nc3} (9... Nf6 10. f4 d6 11. Kh1 Nbd7 12. Bd2 Nc5 13. Nxc5 dxc5 14. e5 Nd5 15. Nxd5 Bxd5 16. c4 bxc4 17. Bxc4 {1-0 (31) Movsesian,S (2702)-Pantsulaia,L (2595) Plovdiv 2012 CBM 148 [Postny,E]}) 10. a4 b4 11. Na2 Nf6 12. Bf4 Nc6 {LiveBook: 3 Games} 13. c3 bxc3 $1 14. Nxc3 Be7 15. Rfc1 O-O 16. a5 Qd8 17. Be3 $146 ({Predecessor:} 17. Rd1) 17... Qb8 18. Na4 {[%cal Bc3a4,Ba4b6,Bb6c4][%mdl 32]} Ne5 19. Nd2 Nxd3 20. Qxd3 d5 21. exd5 Ng4 ({Reject} 21... exd5 $6 22. Nb6 $16) 22. Nf1 Qe5 23. Nb6 Rad8 24. Ra4 ({White should play} 24. Bd4 $14 Qg5 25. Ne3) 24... Nxe3 $11 25. Qxe3 Bf6 26. Qxe5 Bxe5 27. dxe6 fxe6 28. Nc4 Bd4 29. Nfe3 Bc6 30. Raa1 Rb8 31. Rc2 Rb4 32. Re1 Rfb8 33. Nb6 Bxb6 34. axb6 R4xb6 {The position is equal.} 35. Rec1 Be4 36. Rc8+ Rxc8 37. Rxc8+ {[%mdl 4096] Endgame KRB-KRN} Kf7 38. Nc4 Rb4 39. Nd6+ Ke7 40. Nxe4 Rxe4 {[%cal Re4e1] [#] KR-KR} 41. g3 Rb4 42. Ra8 Rb6 43. Ra7+ Kf6 44. Kg2 h5 45. h4 g6 46. Kf3 Rb3+ 47. Kg2 Rb6 48. Kf3 Ke5 49. Ra8 {Precision: White = 76%, Black = 63%.} 1/2-1/2

[Event "World Junior U20 Open 2018"]
[Site "Gebze"]
[Date "2018.09.11"]
[Round "7.17"]
[White "Haldorsen, Benjamin"]
[Black "Haria, Ravi"]
[Result "1-0"]
[WhiteElo "2461"]
[BlackElo "2442"]
[Annotator "TA"]
[PlyCount "61"]
[EventDate "2018.09.05"]
[EventType "swiss"]
[EventCountry "TUR"]
[SourceTitle "playchess.com"]
[Source "ChessBase"]
[SourceQuality "1"]

{[%evp 21,61,18,0,0,34,30,83,58,68,0,62,68,77,70,60,64,171,167,174,158,179,170,200,195,212,187,264,262,290,270,316,312,398,365,490,485,497,460,595,597,609,560]} 1. e4 e6 2. d4 d5 3. Nc3 Bb4 4. e5 Ne7 5. a3 Bxc3+ 6. bxc3 c5 7. Qg4 Qc7 8. Qxg7 Rg8 9. Qxh7 cxd4 10. Ne2 Nbc6 11. f4 dxc3 {LiveBook: 533 Games. C18: French: 3 Nc3 Bb4: Main line: 7 h4 and 7 Qg4} 12. h4 (12. Nxc3 Nd4 13. Bb2 Bd7 14. O-O-O Qb6 15. Qd3 Ndf5 16. Rd2 Rc8 17. g3 Ne3 18. Ne4 Rxc2+ 19. Rxc2 dxe4 20. Qxe4 Nxc2 21. Qxc2 {½-½ (31) Giri,A (2752)-Carlsen,M (2834) Wijk aan Zee 2018}) 12... b6 13. Nxc3 {Strongly threatening Nb5.} Nd4 (13... Nxe5 $1 $11 {remains equal.} 14. Nb5 Qb8) 14. Bb2 Qc5 15. Qd3 ({White should play} 15. Rh3 $14) 15... Bd7 (15... Nef5 $11) 16. O-O-O Ndf5 17. Rh3 $1 Qf2 $146 ({Predecessor:} 17... Kf8 18. h5 Qf2 19. Ne2 {1-0 (57) Broniek,M (1940)-Eshuis,J (1934) LSS email 2013}) 18. Ne2 $36 {[%mdl 2048] White is pushing.} a6 {[#]} ({Better is} 18... Rg4 $1 $14) 19. Bd4 $1 $18 {[%cal Rd4f2]} Nxd4 20. Qxd4 Qxd4 21. Nxd4 ({And not} 21. Rxd4 Bb5 $11) 21... Nc6 22. Nf3 Ke7 23. Ng5 b5 {[#]} (23... Rh8 {was worth a try.} 24. g4 b5) 24. Nh7 $1 b4 25. Nf6 Rgc8 26. h5 bxa3 27. Rxa3 Rh8 28. Rxa6 {White is clearly winning.} Rxa6 29. Bxa6 Nb4 30. Bd3 Ba4 31. Kd2 {Precision: White = 74%, Black = 25%.} 1-0

[Event "World Junior U20 Open 2018"]
[Site "Gebze"]
[Date "2018.09.11"]
[Round "7.18"]
[White "Lodici, Lorenzo"]
[Black "Zou, Chen"]
[Result "1/2-1/2"]
[WhiteElo "2458"]
[BlackElo "2365"]
[Annotator "TA"]
[PlyCount "82"]
[EventDate "2018.09.05"]
[EventType "swiss"]
[EventCountry "TUR"]
[SourceTitle "playchess.com"]
[Source "ChessBase"]
[SourceQuality "1"]

{[%evp 21,82,37,37,17,26,22,24,0,0,0,0,0,0,-68,-68,-54,-64,-90,-91,-118,-86,-68,0,-12,0,0,2,2,2,2,10,16,18,15,14,12,17,0,0,0,11,0,7,0,0,0,0,0,0,-7,0,0,0,0,0,0,0,0,0,0,0,0,0]} 1. d4 d5 2. c4 e6 3. Nc3 Be7 4. cxd5 exd5 5. Bf4 Nf6 6. e3 O-O 7. Bd3 c5 8. Nge2 Nc6 9. O-O cxd4 10. Nxd4 Nxd4 11. exd4 Be6 {LiveBook: 3 Games. D35: Queen's Gambit Declined: Exchange Variation} 12. Rc1 Bd6 13. Qd2 $146 ({Predecessor:} 13. Bg3 Bxg3 14. hxg3 Rc8 15. Qb3 Rc7 16. Qb4 Qb8 17. a3 Rfc8 18. Qd6 Rc6 19. Qxb8 Rxb8 {1-0 (54) Markovic,M (2586)-Nestorovic,D (2386) Jahorina 2000}) 13... Rc8 14. Nb5 Bxf4 15. Qxf4 Qb6 16. b3 a6 17. Nd6 (17. Qd6 $11 Qd8 18. Qxd8 Rfxd8 19. Nc3) 17... Rxc1 $15 18. Rxc1 Nh5 $1 {[%cal Rh5f4]} 19. Qh4 g6 20. Nf5 Bxf5 21. Bxf5 Qa5 (21... Qb4 $15 22. Rd1 Re8) 22. Bg4 $11 {The position is equal.} Nf4 23. Qe7 {Black should prevent Qe3.} h5 24. Bf3 $1 Ne6 $132 {[%mdl 2048] Black is not keeping still} 25. Rd1 Qb5 26. h4 Qc6 27. Qf6 Rd8 28. g3 Rd6 29. Kg2 Qc2 30. Qe5 Rd8 31. Qf6 Rd6 ({Reject} 31... Qxa2 $6 32. Re1 $16) 32. Qe7 (32. Rh1 {is interesting.} Qc7 33. Qe5 Rd8 34. Rf1 Rd7 35. Qe3) 32... Qc7 33. Qxc7 Nxc7 {[%mdl 4096] Endgame KRB-KRN} 34. Re1 Kf8 35. Re2 Rc6 36. Kf1 Rc3 37. Bg2 Rc1+ 38. Re1 Rc2 39. Re2 Rc1+ 40. Re1 Rc6 41. Re2 Rc1+ {Precision: White = 63%, Black = 71%.} 1/2-1/2